| 000 | 00898nam a22002777a 4500 | ||
|---|---|---|---|
| 003 | CHAP | ||
| 005 | 20220329140459.0 | ||
| 008 | 971013s1942 r 00010 d | ||
| 010 | _a52591 | ||
| 011 | _a53563 | ||
| 035 | _a57713 | ||
| 040 | _cCHAP | ||
| 082 |
_a339.42 _bW66 |
||
| 100 | 0 | 0 |
_aWoodbury, Robert Morse. _9122543 |
| 245 | _aMétodos de encuesta sobre las condiciones de vida de las familias. Ingresos-gastos-consumo | ||
| 260 |
_aMontreal : _bOficina Internacional del Trabajo, _c1942 |
||
| 300 | _a168 p. | ||
| 590 |
_aBATCH-UPD _b10 _c20130110 _lUCH01 _h0440 |
||
| 590 |
_aCONVERSION _b10 _c20130109 _lUCH01 _h1328 |
||
| 650 | 1 | 4 |
_aCostos y nivel de vida. _928518 |
| 650 | 1 | 4 |
_aInvestigaciones sociales. _960214 |
| 901 | _aBK | ||
| 942 | _cLIBRO | ||
| 949 |
_a339.42 W66 _bBC _cBPA _d-125470 _eBPA _h6848 _i57713 _si |
||
| 949 |
_a339.42 W66 _bBC _cBPA _d-125471 _eBPA _fc.2 _h6849 _i57713 _si |
||
| 999 |
_c52591 _d52591 |
||